Movies Quiz

Random Movies or Box Office Quiz
Score 0/30 Timer 06:00
6 Plays Today
Year Title % Correct
1995Toy Story
95.8%
1999Toy Story 2
87.4%
2010Toy Story 3
85.6%
1994The Lion King
71%
2006Cars
65.9%
1937Snow White and the Seven Dwarfs
64.7%
2003Finding Nemo
62.2%
1991Beauty and the Beast
60.4%
2001Monsters, Inc.
56.7%
1992Aladdin
54.7%
2011Cars 2
50.4%
2008WALL-E
47.2%
1998A Bug's Life
41.7%
1995Pocahontas
33.4%
2013Monsters University
33.3%
Year Title % Correct
2007Ratatouille
29.1%
1939*Gone with the Wind
23.2%
1967The Jungle Book
22.3%
1965*The Sound of Music
21.4%
1999Tarzan
20.5%
1961101 Dalmatians
17.9%
1996*101 Dalmatians
17.9%
2017Cars 3
14.4%
2014Rio 2
6.4%
2011Rio
5.3%
2004The Polar Express
4.9%
2005Chicken Little
4.6%
2008Dr. Seuss' Horton Hears a Who!
3%
2002*The Santa Clause 2
2.2%
2011Alvin and the Chipmunks: Chipwrecked
1.6%

You're not logged in!

Compare scores with friends on all Sporcle quizzes.
OR
Log In

Sporcle TV

Today on Sporcle TV


Watch our educational content, quiz creation guides, and fun videos on Sporcle TV.

Show Comments

Extras

Top Quizzes Today


Score Distribution

Paid Content

Your Account Isn't Verified!

In order to create a playlist on Sporcle, you need to verify the email address you used during registration. Go to your Sporcle Settings to finish the process.

Report this User

Report this user for behavior that violates our Community Guidelines.

Details: